College Football Team Colors (Blue) - Statistics

General Stats
  • This quiz has been taken 1,559 times
    997 since last reset
  • The average score is 33 of 50
Answer Stats
Conference Team % Correct
ACC North Carolina
92%
BIG TEN Michigan
91%
ACC Duke
90%
SEC Florida
90%
SEC Kentucky
87%
Independent Notre Dame
87%
BIG TEN UCLA
85%
Mountain West Boise State
84%
BIG TEN Penn State
84%
SEC Auburn
83%
SEC Ole Miss
82%
Independent Connecticut
79%
Big 12 Kansas
79%
ACC Virginia
79%
ACC California
77%
Big 12 Arizona
76%
Big 12 BYU
76%
BIG TEN Illinois
74%
The American Navy
74%
ACC Pittsburgh
70%
Mountain West Air Force
69%
Big 12 West Virginia
67%
Sun Belt Coastal Carolina
65%
ACC SMU
64%
MAC Buffalo
63%
ACC Syracuse
63%
Mountain West Utah State
61%
C-USA UTEP
61%
The American UTSA
61%
The American Memphis
60%
Mountain West Nevada
60%
ACC Georgia Tech
59%
MAC Akron
58%
Sun Belt Georgia State
58%
The American Tulane
57%
MAC Toledo
56%
The American Florida Atlantic
55%
Sun Belt Georgia Southern
54%
Mountain West San Jose State
54%
C-USA FIU
52%
The American Rice
51%
The American Tulsa
51%
MAC Kent State
49%
C-USA Middle Tennessee
48%
C-USA Delaware
46%
Mountain West Fresno State
46%
Sun Belt Old Dominion
46%
C-USA Liberty
45%
C-USA Louisiana Tech
45%
Sun Belt South Alabama
38%
No matching quizzes found
Score Distribution
Percent of People with Each Score
Percentile by Number Answered
Your Score History
You have not taken this quiz since the last reset